000 00581nam a22001817a 4500
003 UA-OsUOA
001 18999
007 ta
008 20040706b un ||||| |||| 00| 0 ukr d
100 _aКалько С.
942 _cSA
040 _aUA-OsUOA
_cUA-OsUOA
_dUA-OsUOA
245 _aКовальських справ майстри
_b[Про майстрів ковальської справи ПП "І.К.-Гама"]
300 _aС.16
955 _a0
773 0 _w0
_t200426/25 черв./
650 7 _aДекоративно - прикладне мистецтво
_2UDC
999 _c305170
_d305170